'The Walking Dead' Episodes Quiz Stats

Quiz Updated Oct 31, 2017

Challenge
Share
Tweet
Embed
Score 0/99 Timer 10:00
3 Plays Today
Season Episode Name % Correct
Season 4A
85.7%
Season 1Days Gone Bye
74.9%
Season 1Tell It to the Frogs
72.9%
Season 1Vatos
69.9%
Season 1TS-19
69.8%
Season 1Guts
69%
Season 1Wildfire
63.5%
Season 7The Day Will Come When You Won't Be
61.8%
Season 6Last Day on Earth
60.2%
Season 4Too Far Gone
60.1%
Season 2Cherokee Rose
59.9%
Season 3Seed
59.8%
Season 2Beside the Dying Fire
59.5%
Season 430 Days Without an Accident
58.9%
Season 3Sick
58.1%
Season 2Nebraska
57.8%
Season 3Welcome to the Tombs
57.1%
Season 2Chupacabra
57%
Season 7The Cell
56.9%
Season 7The Well
56.7%
Season 5No Sanctuary
56.6%
Season 218 Miles Out
56.5%
Season 4Us
56.5%
Season 6JSS
56.2%
Season 2Pretty Much Dead Already
56.1%
Season 2Better Angels
56.1%
Season 5Coda
54.8%
Season 2Judge, Jury, Executioner
54.7%
Season 4Infected
54.4%
Season 7The First Day of the Rest of Your Life
54.1%
Season 2Bloodletting
53.9%
Season 2What Lies Ahead
53.9%
Season 3Killer Within
53.6%
Season Episode Name % Correct
Season 4The Grove
53.3%
Season 3Clear
53%
Season 5Four Walls and a Roof
52.9%
Season 6Now
52.2%
Season 5Conquer
51.5%
Season 6Thank You
50.6%
Season 2Secrets
50.1%
Season 3Walk With Me
50%
Season 4Isolation
49.5%
Season 4After
48.7%
Season 5Try
48.6%
Season 4Claimed
48.2%
Season 4Internment
47.9%
Season 3Home
47.7%
Season 4Alone
47.7%
Season 4Still
47.5%
Season 3I Ain't a Judas
47.5%
Season 7Service
47.5%
Season 6No Way Out
47.4%
Season 7Sing Me a Song
47.3%
Season 5Slabtown
47.1%
Season 5Remember
47%
Season 3Arrow on the Doorpost
46.8%
Season 2Triggerfinger
46.8%
Season 3The Suicide King
46.8%
Season 2Save the Last One
46.7%
Season 5Them
46.5%
Season 4Inmates
46.5%
Season 5Forget
46.5%
Season 3This Sorrowful Life
46.1%
Season 4Indifference
45.8%
Season 6East
45.1%
Season 4Dead Weight
44.6%
Season Episode Name % Correct
Season 3Prey
44.6%
Season 6First Time Again
44.5%
Season 6Here's Not Here
44.4%
Season 5What Happened and What's Going On
44.3%
Season 3Hounded
44.1%
Season 5Spend
43.7%
Season 4Live Bait
43.7%
Season 5Strangers
43.5%
Season 7Hearts Still Beating
42.9%
Season 3Made to Suffer
42.8%
Season 3When the Dead Come Knocking
42.3%
Season 7New Best Friends
41.8%
Season 7Go Getters
41.4%
Season 5Crossed
39.8%
Season 5Self Help
39%
Season 7Swear
38.8%
Season 6Start to Finish
38.7%
Season 6Always Accountable
38.5%
Season 7Rock in the Road
38.4%
Season 6The Same Boat
38.4%
Season 5Consumed
38.3%
Season 3Say the Word
37.7%
Season 6Heads Up
36.5%
Season 6The Next World
36.5%
Season 5The Distance
35.9%
Season 6Knots Untie
35.6%
Season 6Not Tomorrow Yet
34.9%
Season 7Say Yes
33.5%
Season 7Bury Me Here
33.5%
Season 7Hostiles and Calamities
32.9%
Season 7Something They Need
32.9%
Season 6Twice as Far
32.6%
Season 7The Other Side
25.9%

You're not logged in!

Compare scores with friends on all Sporcle quizzes.
Sign Up with Email
OR
Log In

You Might Also Like...

Show Comments

Extras

Top Quizzes Today


Score Distribution

Your Account Isn't Verified!

In order to create a playlist on Sporcle, you need to verify the email address you used during registration. Go to your Sporcle Settings to finish the process.